| 000 -LEADER |
| fixed length control field |
00430cam a22001217a 4500 |
| 008 - FIXED-LENGTH DATA ELEMENTS--GENERAL INFORMATION |
| fixed length control field |
180718b1913 xxu||||| |||| 00| 0 eng d |
| 082 ## - DEWEY DECIMAL CLASSIFICATION NUMBER |
| Classification number |
C4x54 M698 |
| 100 ## - MAIN ENTRY--PERSONAL NAME |
| Personal name |
Mitter, Provash Chander |
| 245 ## - TITLE STATEMENT |
| Title |
The question of judicial and executive separation and the better training of judicial officers |
| Statement of responsibility, etc. |
by Provash Chander Mitter |
| 260 ## - PUBLICATION, DISTRIBUTION, ETC. |
| Place of publication, distribution, etc. |
Calcutta |
| Name of publisher, distributor, etc. |
Bee Press |
| Date of publication, distribution, etc. |
1913 |
| 300 ## - PHYSICAL DESCRIPTION |
| Extent |
36,vi, 103,p. |
| 650 ## - SUBJECT ADDED ENTRY--TOPICAL TERM |
| Topical term or geographic name entry element |
Seperation of power - India |